[Event "Ruhrgebiet VK3 0304"]
[Site "Ruhrgebiet"]
[Date "2004.01.11"]
[Round "5.7"]
[White "Raneberg, Hans Peter"]
[Black "Lautenschuetz, Ludger"]
[Result "0-1"]
[WhiteElo "1484"]
[BlackElo "1863"]
[PlyCount "92"]
[EventDate "2003.09.28"]
[EventType "team"]
[EventRounds "9"]
[EventCountry "GER"]
[SourceTitle "EXT 2007"]
[Source "ChessBase"]
[SourceDate "2006.11.23"]
[SourceVersion "1"]
[SourceVersionDate "2006.11.23"]
[SourceQuality "1"]
[WhiteTeam "Hoentrop SG"]
[BlackTeam "Haltern"]
[WhiteTeamCountry "GER"]
[BlackTeamCountry "GER"]

1. e4 e6 2. Nf3 d5 3. exd5 exd5 4. d4 Bd6 5. h3 Nf6 6. Bd3 h6 7. 0-0 0-0 8. Be3 Nc6 9. c3 Ne4 10. Nbd2 f5 11. Ne5 Nxe5 12. dxe5 Bxe5 13. Nxe4 fxe4 14. Bc2 Kh8 15. f3 exf3 16. Rxf3 Rxf3 17. Qxf3 Qd6 18. Rf1 Be6 19. Bd4 Bxd4+ 20. cxd4 Bg8 21. Qd3 Re8 22. a3 Qe7 23. Qc3 Qe3+ 24. Qxe3 Rxe3 25. Kf2 Re6 26. Rc1 c6 27. b4 Bh7 28. Bd1 Re4 29. b5 Rxd4 30. bxc6 bxc6 31. Bf3 Rd2+ 32. Ke3 Rc2 33. Re1 Kg8 34. Kd4 Kf7 35. Re3 Kf6 36. Re1 Rc4+ 37. Ke3 Be4 38. Kf2 Ke5 39. Bxe4 Rxe4 40. Rb1 Kd6 41. Rb7 Re7 42. Rb3 d4 43. g4 Kd5 44. Rb4 d3 45. Rb1 Kd4 46. Re1 Rf7+ 0-1